| 000 | 01125cam a2200217 4500 | ||
|---|---|---|---|
| 001 | WB3904-09 | ||
| 008 | 030129n2003 000 0 eng u | ||
| 035 | _a(Sirsi) u121143 | ||
| 245 | _aSecond home use class proposed | ||
| 260 | _c2003 | ||
| 490 |
_aPlanning (for the Natural and Built Environment) _v24 January 2003, 1(1) |
||
| 520 | _aA separate use class for the country's 100 000 second homes and better guidance on the use of occupancy conditions are recommended by a new study "Second homes in rural areas" commissioned by the Countryside Agency. Second homes are just one of the factors causing housing problems in rural areas and restricting occupancy to local people is not the solution. Research note is available at http://www.countryside.gov.uk/publications/files/10012003122031_CRN54.pdf Publication details at http://www.countryside.gov.uk/publications/publication.asp?PublicationID=592 | ||
| 590 | _aWB | ||
| 650 | _aSECOND HOMES | ||
| 650 | _aUSE CLASSES | ||
| 650 | _aOCCUPANCY CONDITIONS | ||
| 650 |
_aAffordable housing _96215 |
||
| 650 | _aRURAL HOUSING | ||
| 690 | _aHOUSING | ||
| 942 | _n0 | ||
| 999 |
_c71984 _d71984 |
||